An Introduction to Aircraft Structural Analysis / (Record no. 14991)

MARC details
000 -LEADER
fixed length control field 01264cam a2200289 a 4500
001 - CONTROL NUMBER
control field 16027813
005 - DATE AND TIME OF LATEST TRANSACTION
control field 20101213101819.0
008 - FIXED-LENGTH DATA ELEMENTS--GENERAL INFORMATION
fixed length control field 091218s2010 ne a b 001 0 eng
010 ## - LIBRARY OF CONGRESS CONTROL NUMBER
LC control number 2009050354
020 ## - INTERNATIONAL STANDARD BOOK NUMBER
International Standard Book Number 185617932X (pbk. : alk. paper)
020 ## - INTERNATIONAL STANDARD BOOK NUMBER
International Standard Book Number 9781856179324 (pbk. : alk. paper)
035 ## - SYSTEM CONTROL NUMBER
System control number (OCoLC)ocn490807676
040 ## - CATALOGING SOURCE
Original cataloging agency DLC
Transcribing agency DLC
Modifying agency C#P
-- YDXCP
-- BWX
-- CDX
-- DLC
050 00 - LIBRARY OF CONGRESS CALL NUMBER
Classification number TL671.6
Item number .M36 2010
082 00 - DEWEY DECIMAL CLASSIFICATION NUMBER
Classification number 629.13431
Edition number 22
Item number MEG
100 1# - MAIN ENTRY--PERSONAL NAME
Personal name Megson, T. H. G.
Fuller form of name (Thomas Henry Gordon)
9 (RLIN) 22499
245 13 - TITLE STATEMENT
Title An Introduction to Aircraft Structural Analysis /
Statement of responsibility, etc T.H.G. Megson
260 ## - PUBLICATION, DISTRIBUTION, ETC. (IMPRINT)
Place of publication, distribution, etc Amsterdam ;
-- Boston :
Name of publisher, distributor, etc Butterworth-Heinemann/Elsevier, 2010
Date of publication, distribution, etc 2010.
300 ## - PHYSICAL DESCRIPTION
Extent vii, 638 p. :
Other physical details ill. ;
Dimensions 24 cm.
490 ## - Series Statement
-- 22498
Series statement Elsevier Aerospace Engineering Series
504 ## - BIBLIOGRAPHY, ETC. NOTE
Bibliography, etc Includes bibliographical references and index.
650 #0 - SUBJECT ADDED ENTRY--TOPICAL TERM
Topical term or geographic name as entry element Airframes.
9 (RLIN) 22500
650 #0 - SUBJECT ADDED ENTRY--TOPICAL TERM
Topical term or geographic name as entry element Structural analysis (Engineering)
9 (RLIN) 22501
942 ## - ADDED ENTRY ELEMENTS (KOHA)
Source of classification or shelving scheme Dewey Decimal Classification
Item type Book - Borrowing
Holdings
Withdrawn status Item status Source of classification or shelving scheme Damaged status Not for loan Vendor Home library Current library Shelving location Date acquired Source of acquisition Cost, normal purchase price Serial Enumeration / chronology Total Checkouts Total Renewals Full call number Barcode Date last seen Date last borrowed Koha item type
    Dewey Decimal Classification     Baccah Central Library Central Library First floor 10/03/2011   358.00 11866 1 2 629.13431 MEG 000022923 29/04/2026 31/07/2012 Book - Borrowing